01875agaaa2200349 45000010005000000030009000050050017000140070009000310080040000400400023000800410013001031000058001161300031001742400027002052450115002322460020003472500022003672600119003893000034005085080053005425110073005955200292006685380016009605460013009766500063009897000060010527000070011127000072011829420012012549990019012669520240012853177IT-RoPAU20220918181223.0d cvaizq50131s9999||||xx ||| | || ||und|| aIT-RoPAUcIT-RoPAU aITALIANO aManchevski MilchogCodice regista SPICS: 44443936829 aPRIMA DELLA PIOGGIA936830 aBEFORE THE RAINgT2907 aPRIMA DELLA PIOGGIAcDiretto da: Manchevski MilchopPRIMA DELLA PIOGGIA (Rif. Codice opera principale : D3177) aBEFORE THE RAIN aEdizione Standard aMILANO (ITALIA)bAUDIOVISIVI SAN PAOLO / Distribuzione: SAN PAOLOg"1995 (1° ed.: 1995 ; Ed. Lingua Orig.: 1995)" aVHSbsonoro, col.c120 minuti a"Fotografia: Teran Manuel; Musica: Anastasia ; " a"Cartlidge Katrin; Serbedzija Rade; Colin Gregoire; Mitevska Labina" aSILENZIO MONACALE OPPOSTO AL CREPITARE DELLE MITRAGLIATRICI. LA MACEDONIA ANTICA E RICCA DI STORIA CHE SI SCONTRA CON LA LONDRA MODERNA E CONSUMISTICA: UN FOTOGRAFO SPECCHIO E FILTRO DELLA REALTA' IN CONTRAPPOSIZIONE ALL'INESORABILE CRUDEZZA DELLA VITA. GUERRA. FILM DRAMMATICO A COLORI. aPAL, STEREO aITALIANO aDRAMMATICOeFILMS [VHS]xCodice MATERIA SPICS: 9960934083 aAnastasia e(musica)gCodice Musica SPICS: 43478936831 aManchevski Milcho e(regista)gCodice regista SPICS: 44443936832 aManchevski Milcho e(soggetto)gCodice Soggetto SPICS: 44443936833 cVH2ddc c104638d104638 0010406D_3177_00000000000000071aSPICSbSPICSd2015-01-31l0oD3177r2015-01-31 00:00:00w2015-01-31yVHzProgr. Ins.: 555 / N.Vol.:1 / Copie: 1 / Pag.:0 / Copia rara: n.d. / date import: 1.2.2015 / By Epidotti, Trombetti, Vaglietti